Statistiken für Top 15 Länder mit Covid-19-Todesfällen - 11. August 2021

Klicken Sie hier um das Quiz zu spielen!

Allgemein

  • Dieses Quiz wurde 11 mal gespielt
  • Das Durchschnittsergebnis liegt bei 16 aus 25

Antwortstatistiken

Land% Korrekt
Vereinigte Staaten
100%
Brasilien
91%
Russland
91%
Vereinigtes Königreich
91%
Belgien
82%
Deutschland
82%
Indien
82%
Italien
82%
Spanien
82%
Frankreich
73%
Iran
73%
Mexiko
73%
Peru
64%
Argentinien
55%
Tschechien
55%
Bulgarien
45%
Indonesien
45%
Kolumbien
45%
Slowakei
45%
Slowenien
45%
Bosnien und Herzegowina
36%
Kroatien
36%
Ungarn
36%
Nordmazedonien
27%
Paraguay
18%

Verteilung der Resultate

Perzentil nach korrekt beantworteten Fragen

Anzahl Personen mit jedem Resultat

Ihre Resultats-Entwicklung

Sie haben dieses Quiz noch nicht gespielt